Mother's agenda x 1969/ (Record no. 206208)

MARC details
000 -LEADER
fixed length control field 00437nam a2200169 4500
010 ## - LCCN (DPL NO)
LC control number ENG-141997
020 ## - INTERNATIONAL STANDARD BOOK NUMBER
Terms of availability 100.00
International Standard Book Number 9788188893515
035 ## - SYSTEM CONTROL NUMBER
System control number EN-125529
037 ## - SOURCE OF ACQUISITION
Stock number DBAD
082 ## - DEWEY DECIMAL CLASSIFICATION NUMBER
Classification number 181.499
Item number MOT
245 ## - TITLE STATEMENT
Title Mother's agenda x 1969/
260 ## - PUBLICATION, DISTRIBUTION, ETC. (IMPRINT)
Place of publication, distribution, etc Parise
Name of publisher, distributor, etc Institute de recherches evolutives
Date of publication, distribution, etc 1978
270 ## - ADDRESS
City Parise
300 ## - PHYSICAL DESCRIPTION
Extent 554P.
Other physical details 24cm
Dimensions ill
440 ## - SERIES STATEMENT/ADDED ENTRY--TITLE
Volume number/sequential designation 10
942 ## - ADDED ENTRY ELEMENTS (KOHA)
Source of classification or shelving scheme Dewey Decimal Classification
Item type English Books
Classification part 181.499
Call number suffix MOT
Holdings
Withdrawn status Lost status Not for loan Collection code Home library Current library Date acquired Source of acquisition Cost, normal purchase price Full call number Barcode Copy number Cost, replacement price Koha item type
    Not For Loan Non-fiction D.B.Act.Division D.B.Act.Division 09/10/2024 Delivery of Books Act Division 100.00 181.499 MOT EN-125529 1 100.00 English Books

© Delhi Public Library
Hit Counter
free hit counter